Why we sweat : sweat...sweat...sweat

Bibliographic Details
Main Author: Lanka Devi Sinniah
Format: Book
Published: Selangor : Ilmiah Pub , 2004
Series:Science and me series
Subjects:

MARC

LEADER 00000cam a2200000 7i4500
001 0000032887
005 20151222.0
008 120702
020 |a 9832571634 (Set) 
020 |a 9832571693 
090 0 0 |a JF   |b SC ENG 
100 0 |a Lanka Devi Sinniah 
245 1 0 |a Why we sweat :   |b sweat...sweat...sweat   |c Lanka Devi Sinniah 
260 |a Selangor :   |b Ilmiah Pub ,   |c 2004 
440 |a Science and me series 
500 |a Children ages 7-9 years old (orange) 
650 0 |a English fiction 
650 0 |a Science fiction   |x English   |x Languages 
999 |a 0000876983   |b Book   |c Children Collection   |e Cawangan Bandar Penawar 
999 |a 0000876987   |b Book   |c Children Collection   |e Cawangan Segamat 
999 |a 0000876990   |b Book   |c Children Collection   |e Cawangan Pontian 
999 |a 0001128491   |b Book   |c Children Collection   |e Cawangan Tangkak 
999 |a 0001128492   |b Book   |c Children Collection   |e Cawangan Pontian 
999 |a 0001128494   |b Book   |c Children Collection   |e Cawangan Bukit Gambir 
999 |a 0001128496   |b Book   |c Children Collection   |e Cawangan Batu Pahat 
999 |a 0001128498   |b Book   |c Children Collection   |e Cawangan Bandar Penawar 
999 |a 0001128500   |b Book   |c Children Collection   |e Cawangan Segamat 
999 |a 0001138478   |b Book   |c Children Collection   |e Cawangan Taman Universiti 
999 |a 0001138479   |b Book   |c Children Collection   |e Cawangan Mersing 
999 |a 0001138480   |b Book   |c Children Collection   |e Perbadanan Perpustakaan Awam Johor 
999 |a 000876986   |b Book   |c Children Collection   |e Cawangan Batu Pahat